000
00313cam a2200121ua 4500
020
_a
0-07-056898-7
082
_a
621.815
_b
SHI/ME
100
_a
Shigley, Joseph Edward .
245
_a
Mechanical engineering design /
260
_a
New York :
_b
McGraw Hill Book Company ,
_c
1986.
300
_a
698 ; .
942
_c
BK
999
_c
2017
_d
2017